banner koha

Intra-and inter-population variation in seed size and dormancy in Schizolobium parahiba (Vell.)Blake in the Atlantic Forest (Registro n. 248707)

MARC details
000 -LÍDER
campo de controle de tamanho fixo 00843nas a2200265 4500
001 - NÚMERO DE CONTROLE
campo de controle BR2016001665
003 - IDENTIFICADOR DO NÚMERO DE CONTROLE
campo de controle BR-BrBNA
005 - DATA E HORÁRIO DA ÚLTIMA TRANSAÇÃO
campo de controle 20231205130308.0
007 - CAMPO FIXO DE DESCRIÇÃO FÍSICA--INFORMAÇÃO GERAL
campo de controle de tamanho fixo ta
008 - CAMPO DE DADOS FIXOS--INFORMAÇÃO GERAL
campo de controle de tamanho fixo 230509b bl.|||p| |||| 00| 00por d
040 ## - FONTE DA CATALOGAÇÃO
Instituição da catalogação original BR-BrBNA
Idioma da catalogação por
Instituição que transcreveu o registro Biblioteca Nacional de Agricultura
041 ## - CÓDIGO DE IDIOMA
Código do idioma do texto/trilha sonora ou título diferente (En)
072 ## - CÓDIGO DE CATEGORIA DE ASSUNTO
Código de Categoria de Assunto F03
100 1# - ENTRADA PRINCIPAL--NOME PESSOAL
Nome pessoal Freire, J.M.
100 1# - ENTRADA PRINCIPAL--NOME PESSOAL
Nome pessoal Piña-Rodrigues, F.C.M.
100 1# - ENTRADA PRINCIPAL--NOME PESSOAL
Nome pessoal Santos, A.L.F. dos
100 1# - ENTRADA PRINCIPAL--NOME PESSOAL
Nome pessoal Pereira, M.B.
245 1# - TÍTULO
Título Intra-and inter-population variation in seed size and dormancy in Schizolobium parahiba (Vell.)Blake in the Atlantic Forest
650 ## - ASSUNTO--TERMO TÓPICO
Cabeçalho tópico ou nome geográfico SEMENTE
650 ## - ASSUNTO--TERMO TÓPICO
Cabeçalho tópico ou nome geográfico GERMINACAO
650 ## - ASSUNTO--TERMO TÓPICO
Cabeçalho tópico ou nome geográfico RIO DE JANEIRO
773 0# - ENTRADA ANALÍTICA
Título Ciência Florestal (Brazil)
ISSN - International Standard Serial Number ISSN 0103-9954
Partes relacionadas (Dez 2015), v. 25(4) p. 897-907
Número de controle do registro BR2016001665
909 ## -
-- 202311
-- Lúcia
-- 55
-- Lúcia Elande
942 ## - ELEMENTOS DE ENTRADA ADICIONADOS (KOHA)
Fonte da classificação ou esquema de arquivamento na estante Classificação AGRIS
Ocultar no OPAC Não
Tipo de material Koha Analítica
Exemplares
Situação do descarte Fonte da classificação ou esquema de arquivamento na estante Situação física Não pode ser emprestado Biblioteca de origem Biblioteca atual Localização na estante Enumeração do periódico / cronologia Total de empréstimos Data de último acesso Número do exemplar Tipo de material Koha Fonte de aquisição
  Classificação AGRIS   Consulta local Biblioteca Nacional de Agricultura - Binagri Biblioteca Nacional de Agricultura - Binagri   (Dez 2015), v. 25(4) p. 897-907   29/11/2023 01 Periódicos Portaria Interministerial nº 164/94

BINAGRI

Telefone: (61)3218-2567/2388/3357/2097 - binagri@agro.gov.br

Ministério da Agricultura e Pecuária , Esplanada dos Ministérios, Bloco D, Anexo B, Brasília/DF, CEP: 70.043-900